000 00733nam a2200241Ia 4500
003 OSt
005 20230515111525.0
008 210423s2014 xx 000 0 und d
020 _a978-81-265-2814-1
040 _cAL
041 _aeng
082 _a332.6 ELTM
100 _aELTON (EDWIN J);GRUBER (Martin J);BROWN (Stephen J);GOETZMANN (William N)
_9104109
245 _aModern portfolio theory and investment analysis Ed 8
250 _a8
260 _aNew Delhi
_bJohn Wiley & Sons
_c2014
300 _axviii,727
_bPB
365 _b599
_cINR
650 _aFinancial Economics
_9104110
650 _aInvestment Management
_9104111
906 _aanalysis ; Ed ; investment ; Modern ; portfolio ; theory
942 _2ddc
_cBK
999 _c166159
_d166159